| 000 | 00398nam a22001457a 4500 | ||
|---|---|---|---|
| 005 | 20260106102054.0 | ||
| 008 | 260106b |||||||| |||| 00| 0 eng d | ||
| 020 | _a978-1-784-87152-9 | ||
| 100 | _aWILDE, OSCAR | ||
| 245 | _aTHE IMPORTANCE OF BEING EARNEST AND OTHER PLAYS | ||
| 260 |
_aLONDON _bVINTAGE _c2016 |
||
| 300 | _a372P. | ||
| 650 | _a1. IDENTITY 9PSYCHOLOGY) -DRAMA | ||
| 942 |
_2lcc _cBK |
||
| 999 |
_c216408 _d216408 |
||